00473nam a2200181Ia 4500999001700000003000400017005001700021008004100038020001500079040001800094082001800112100002500130245003500155260004100190300000800231650001000239942004200249 c16518d16518OSt20200606115930.0190216s9999||||xx |||||||||||||| ||und|| a8670403205 cMESKC library a891.43bTRI/S aTripadi, Kiran 9398 0aShodh Prabodh /cKiran Tripadi bShubam Prakashan,c2008.aAllahabad: a72p aHindi cBK2ddch891.43iTRI/Sk891.43mTRI/S